| 000 | 00775cam a2200217 i 4500 | ||
|---|---|---|---|
| 005 | 20260126104028.0 | ||
| 008 | 250721s2004 xx gr 000 0 ara d | ||
| 082 | 1 | 4 |
_a346.02 _bط ل ب |
| 100 | 1 |
_aطلبه، انور _eمؤلف. |
|
| 245 | 1 | 2 |
_aالعقود الصغيره : _cالمستشار أنور طلبة. _bالحراسه والعمل / |
| 264 | 3 | 1 |
_a[غير معرف] : _bالمكتب الجامعي الحديث، _c2004. |
| 300 | _a246 صفحة. | ||
| 490 | 0 | _aالمكتبة القانونية. | |
| 650 | 1 | 7 | _aالعقود. |
| 650 | 1 | 7 | _aالقانون. |
| 650 | 1 | 7 | _aقانون العمل و العمال. |
| 650 | 1 | 7 | _aالحراسة. |
| 830 | 0 | _aالمكتبة القانونية. | |
| 942 |
_2ddc _cBK |
||
| 999 |
_c90766 _d90766 |
||